| 000 | 00833nam a2200301 a 4500 | ||
|---|---|---|---|
| 999 |
_c3103 _d3103 |
||
| 006 | a||||gr|||| 001 0 | ||
| 007 | ta | ||
| 008 | 191203s2024 ii ad||gr|||| 001 0 eng d | ||
| 020 |
_a9788194800286 _cRs. 495.00 |
||
| 040 |
_aKO _beng |
||
| 041 | 0 | _aeng | |
| 044 | _aii | ||
| 082 | 0 | 4 |
_223 _a658.5 _bAi51 |
| 100 | 1 | _aAilawadi, Satish C. | |
| 245 | 1 | 0 |
_aLogistics and Supply Chain Management / _cSatish C. Ailawadi, Rakesh P. Singh |
| 250 | _a3rd ed. | ||
| 260 |
_aDelhi : _bPHI Learning Pvt. Ltd., _c2024 |
||
| 300 |
_axix, 212 p. : _bill. ; _c24 cm |
||
| 504 | _aIncludes Index. | ||
| 650 | 0 |
_aBusiness logistics _vCase studies |
|
| 650 | 0 |
_aLogistics _xTextbook |
|
| 650 | 0 |
_aSupply chain management _xTextbook |
|
| 700 | 1 |
_aSingh, Rakesh P. _eaut |
|
| 904 | _aRUDRA_R | ||
| 905 | _aR_RANJAN | ||
| 942 | _cBK | ||